El Código Civil de la República de Chile
Guardat en:
| Format: | Llibre |
|---|---|
| Idioma: | espanyol |
| Publicat: |
Santiago
Imprenta Nacional
1889
|
| Matèries: | |
| Etiquetes: |
Afegir etiqueta
Sense etiquetes, Sigues el primer a etiquetar aquest registre!
|
MARC
| LEADER | 00000nam a2200000 a 4500 | ||
|---|---|---|---|
| 001 | UCS2145 | ||
| 003 | CL-VaPUC | ||
| 008 | 970516e18890000CL |||||||||||||||||spa|d | ||
| 082 | 0 | 4 | |a 346.83 |b COD |2 21 |
| 245 | 1 | 3 | |a El Código Civil de la República de Chile |
| 300 | |a 817 p | ||
| 942 | |c BK | ||
| 945 | |d 19970516 00:00:00 |a lriquelm | ||
| 260 | |a Santiago |b Imprenta Nacional |c 1889 | ||
| 650 | 0 | |a Códigos |9 352314 | |
| 650 | 0 | |a Derecho civil |9 255013 | |
| 650 | 0 | |a Personas |9 255751 | |
| 650 | 0 | |a Bienes |9 255749 | |
| 650 | 0 | |a Posesión |9 258681 | |
| 650 | 7 | |a SERVIDUMBRE |2 CL-VaPUC |9 353384 | |
| 650 | 0 | |a Derecho sucesorio |9 255015 | |
| 650 | 7 | |a TESTAMENTOS |2 CL-VaPUC |9 255014 | |
| 650 | 0 | |a Obligaciones |9 255578 | |
| 650 | 0 | |a Contratos |9 255153 | |
| 650 | 0 | |a Compraventa |9 255413 | |
| 650 | 0 | |a Cuasicontratos |9 385637 | |
| 651 | 7 | |a CHILE |2 CL-VaPUC |9 387231 | |
| 583 | |a last modification |c 19970516 00:00:00 |k Rodrigo Vera | ||
| 999 | |c 260136 |d 260134 | ||
| 952 | |0 0 |1 0 |2 ddc |4 0 |5 1 |6 346_830000000000000_COD_1889 |7 1 |8 C_LRYV |9 285762 |a FDOBRV |b BIBDER |d 2019-11-19 |i 1856294 |o 346.83 COD 1889 |p 1856294 |r 2023-01-25 |w 2019-11-19 |y BK_X |k BRV | ||